[Event "CAN-ch U10 Girls"]
[Site "Windsor"]
[Date "2015.07.07"]
[Round "3.118"]
[White "Zhang, Wendy"]
[Black "Tennant, Lauryh"]
[Result "1-0"]
[WhiteElo "483"]
[BlackElo "793"]
[PlyCount "47"]
[EventDate "2015.07.06"]
[EventType "swiss"]
[EventRounds "7"]
[EventCountry "CAN"]
[SourceTitle "EXT 2022"]
[Source "ChessBase"]
[SourceDate "2021.10.06"]
[SourceVersion "1"]
[SourceVersionDate "2021.10.06"]
[SourceQuality "1"]

1. e4 e6 2. Nf3 h5 3. Bc4 e5 4. Nxe5 b6 5. Nxf7 Qe7 6. d3 Nh6 7. Nxh8 a6 8. Ng6 Qd8 9. Qxh5 Bb4+ 10. Nc3 Bf8 11. Bg5 Be7 12. Bxe7 Nc6 13. Bxd8 Kxd8 14. 0-0-0 Na5 15. Bb3 b5 16. Bd5 c5 17. Bxa8 d6 18. Rhe1 Ng4 19. Qh8+ Kc7 20. Ne7 b4 21. Qxc8+ Kb6 22. Ncd5+ Kb5 23. b3 Nh6 24. a4+ 1-0

[Event "CAN-ch U10 Girls"]
[Site "Windsor"]
[Date "2015.07.06"]
[Round "1.113"]
[White "Kuleshova, Julia"]
[Black "Tennant, Lauryh"]
[Result "1-0"]
[WhiteElo "1487"]
[BlackElo "793"]
[PlyCount "41"]
[EventDate "2015.07.06"]
[EventType "swiss"]
[EventRounds "7"]
[EventCountry "CAN"]
[SourceTitle "EXT 2022"]
[Source "ChessBase"]
[SourceDate "2021.10.06"]
[SourceVersion "1"]
[SourceVersionDate "2021.10.06"]
[SourceQuality "1"]

1. e4 d5 2. exd5 e5 3. dxe6 fxe6 4. Nf3 Be7 5. Bc4 Nh6 6. 0-0 g6 7. Re1 0-0 8. d4 Nc6 9. Bxh6 Nb8 10. Bxf8 Bxf8 11. Bxe6+ Kh8 12. d5 Qe8 13. Ng5 Bxe6 14. Nxe6 Bg7 15. Nxg7 Kxg7 16. Rxe8 a5 17. Qd4+ Kh6 18. Qf4+ Kh5 19. Rh8 g5 20. Rxh7+ Kg6 21. Qf7# 1-0